000166389 001__ 166389
000166389 005__ 20260121131119.0
000166389 037__ $$aTAZ-TFG-2025-4600
000166389 041__ $$aeng
000166389 1001_ $$aLinares Gaudó, María
000166389 24200 $$aThe Role of Digital Communication in Global Fashion Business: Zara's Branding Strategy
000166389 24500 $$aEl papel de la comunicación digital en la industria global de la moda: análisis de la estrategia de branding de Zara
000166389 260__ $$aZaragoza$$bUniversidad de Zaragoza$$c2025
000166389 506__ $$aby-nc-sa$$bCreative Commons$$c3.0$$uhttp://creativecommons.org/licenses/by-nc-sa/3.0/
000166389 520__ $$aThis study dives into the analysis of how Zara, the flagship brand of the Inditex Group, uses digital communication and marketing strategies to build a strong global brand identity and differentiate itself from competitors in the fast fashion industry. The research focuses on understanding how Zara integrates digital tools, social media platforms and online shopping experiences to engage consumers and reinforce its market leadership.<br /><br />
000166389 521__ $$aGraduado en Administración y Dirección de Empresas
000166389 540__ $$aDerechos regulados por licencia Creative Commons
000166389 691__ $$a4 9
000166389 692__ $$aPrincipal ODS 9 (Industria, Innovación e Infraestructura): Análisis del impacto de la comunicación digital para fomentar la innovación y sostenibilidad en la empresa. Secundario ODS 4 (Educación de Calidad):Acceso al conocimiento sobre el uso de la tecnología en la empresa.
000166389 700__ $$aRuiz Pardos, Manuela$$edir.
000166389 7102_ $$aUniversidad de Zaragoza$$b $$c
000166389 8560_ $$f795914@unizar.es
000166389 8564_ $$s2006976$$uhttps://zaguan.unizar.es/record/166389/files/TAZ-TFG-2025-4600.pdf$$yMemoria (eng)
000166389 909CO $$ooai:zaguan.unizar.es:166389$$pdriver$$ptrabajos-fin-grado
000166389 950__ $$a
000166389 951__ $$adeposita:2026-01-21
000166389 980__ $$aTAZ$$bTFG$$cFEGP
000166389 999__ $$a20251029222847.CREATION_DATE